Makroekonomické bilancovanie v ES prostredníctvom Európskeho systému integrovaných ekonomických účtov - SEC.
Makroekonomické bilancovanie systémom národného účtovníctva SEC - Systeme européen de comptes économiques intégrés. Edícia SEC z r. 1980 s prechodom na systém pridanej hodnoty. Kontúry systému SEC. Klasifikácia subjektov. Klasifikácia operácií v SEC. Systém účtov, ich klasifikácia a účtovné výsledky...
Gespeichert in:
| 1. Verfasser: | |
|---|---|
| Format: | Buchkapitel |
| Sprache: | Slowakisch |
| Schlagworte: | |
| Tags: |
Keine Tags, Fügen Sie das erste Tag hinzu!
|
MARC
| LEADER | 00000naa a2200000 4500 | ||
|---|---|---|---|
| 001 | r013553 | ||
| 005 | 20221205080819.8 | ||
| 041 | 0 | |a slo | |
| 044 | |a SK | ||
| 245 | 1 | 0 | |a Makroekonomické bilancovanie v ES prostredníctvom Európskeho systému integrovaných ekonomických účtov - SEC. |c Vladimír Mokrý |
| 520 | |a Makroekonomické bilancovanie systémom národného účtovníctva SEC - Systeme européen de comptes économiques intégrés. Edícia SEC z r. 1980 s prechodom na systém pridanej hodnoty. Kontúry systému SEC. Klasifikácia subjektov. Klasifikácia operácií v SEC. Systém účtov, ich klasifikácia a účtovné výsledky. Základné makroekonomické agregáty bilancované v systéme SEC. | ||
| 610 | 2 | 0 | |a účtovníctvo národné |
| 610 | 2 | 0 | |a účty národné |
| 610 | 2 | 0 | |a bilancia ekonomická |
| 610 | 2 | 0 | |a SEC |
| 610 | 2 | 0 | |a Európske spoločenstvá |
| 610 | 2 | 0 | |a západná Európa |
| 610 | 2 | 0 | |a ukazovatele ekonomické |
| 610 | 2 | 0 | |a klasifikácia |
| 100 | 1 | |a Mokrý, Vladimír | |